Gagal tapi cemerlang

Bibliographic Details
Main Author: Alif Redzuan , 1968-
Format: Book
Published: Bangi, Selangor : KarnaDya Solutions , [200?]
Subjects:

MARC

LEADER 00000cam a2200000 7i4500
001 0000027625
005 20110124.0
008 091008
020 |a 9833316373 
090 0 0 |a 153.8   |b ALI 
100 0 |a Alif Redzuan ,   |d 1968- 
245 1 0 |a Gagal tapi cemerlang   |c Alif Redzuan 
260 |a Bangi, Selangor :   |b KarnaDya Solutions ,   |c [200?] 
650 0 |a Motivation (Psychology)   |v Anecdotes 
650 0 |a Success   |v Anecdotes 
999 |a 0001059288   |b Book   |c Adult Collection   |e Perbadanan Perpustakaan Awam Johor 
999 |a 0001059292   |b Book   |c Adult Collection   |e Cawangan AEON Kulaijaya 
999 |a 0001059293   |b Book   |c Adult Collection   |e Perbadanan Perpustakaan Awam Johor